Celebrating life with gratitude : (Record no. 95082)

MARC details
000 -LEADER
fixed length control field 00587nam a22001817a 4500
005 - DATE AND TIME OF LATEST TRANSACTION
control field 20150909114714.0
010 ## - LCCN (DPL NO)
LC control number ENG-113599
020 ## - INTERNATIONAL STANDARD BOOK NUMBER
Terms of availability 295.00
International Standard Book Number 9788122205855
035 ## - SYSTEM CONTROL NUMBER
System control number EN-97131
037 ## - SOURCE OF ACQUISITION
Source of stock number/acquisition DBAD/PUB
082 ## - DEWEY DECIMAL CLASSIFICATION NUMBER
Classification number 920
100 ## - MAIN ENTRY--PERSONAL NAME
Personal name Menon, Ramesh
245 ## - TITLE STATEMENT
Title Celebrating life with gratitude :
Statement of responsibility, etc by Ramesh Menon ; foreworded by Fali S. Nariman
Remainder of title the journey of O.P. Vaish /
260 ## - PUBLICATION, DISTRIBUTION, ETC. (IMPRINT)
Place of publication, distribution, etc New Delhi
Name of publisher, distributor, etc Vision Books
Date of publication, distribution, etc 2015
270 ## - ADDRESS
Address 24 Feroze Gandhi Road, Lajpat Nagar - III
City New Delhi
Postal code 110024
300 ## - PHYSICAL DESCRIPTION
Extent 151p.
Dimensions 23cm(Hb)
942 ## - ADDED ENTRY ELEMENTS (KOHA)
Source of classification or shelving scheme Dewey Decimal Classification
Item type English Books
Call number suffix VAI
Classification part 920
Holdings
Withdrawn status Lost status Not for loan Collection code Home library Current library Date acquired Source of acquisition Cost, normal purchase price Full call number Barcode Copy number Cost, replacement price Koha item type
    Not For Loan Non-fiction D.B.Act.Division D.B.Act.Division 20/07/2015 DBAD/Pub. 295.00 920 VAI EN-97131 1 295.00 English Books

© Delhi Public Library
Hit Counter
free hit counter